[Event "POL-chT 2nd League"]
[Site "Szczyrk"]
[Date "2014.09.13"]
[Round "8.75"]
[White "Zielinski, Stanislaw"]
[Black "Bednarczyk, Damian"]
[Result "1-0"]
[WhiteElo "2162"]
[BlackElo "2073"]
[PlyCount "53"]
[EventDate "2014.09.06"]
[EventType "team-swiss"]
[EventRounds "9"]
[EventCountry "POL"]
[SourceTitle "EXT 2015"]
[Source "ChessBase"]
[SourceDate "2014.11.20"]
[SourceVersion "1"]
[SourceVersionDate "2014.11.20"]
[SourceQuality "1"]
[WhiteTeam "Kolbudy UKS Zawisza"]
[BlackTeam "Wieliczka MKS MOS"]
[WhiteTeamCountry "POL"]
[BlackTeamCountry "POL"]

1. Nf3 Nf6 2. d4 g6 3. g3 c5 4. c3 Na6 5. Bg2 Bg7 6. 0-0 0-0 7. Nbd2 d5 8. Nb3 c4 9. Nbd2 b5 10. Ne5 Bf5 11. a4 b4 12. f3 Ne8 13. e4 Bxe5 14. exf5 Bg7 15. fxg6 hxg6 16. f4 Rb8 17. Nf3 bxc3 18. bxc3 Qa5 19. Qc2 Nc5 20. dxc5 Bxc3 21. Be3 Bxa1 22. Rxa1 Nf6 23. Ne5 Rb3 24. Bd4 Re8 25. f5 g5 26. Qc1 Nh7 27. Bxd5 1-0

[Event "POL-chT 2nd League"]
[Site "Szczyrk"]
[Date "2014.09.10"]
[Round "5.87"]
[White "Zielinski, Stanislaw"]
[Black "Klepek, Witold"]
[Result "1-0"]
[WhiteElo "2162"]
[BlackElo "1837"]
[PlyCount "127"]
[EventDate "2014.09.06"]
[EventType "team-swiss"]
[EventRounds "9"]
[EventCountry "POL"]
[SourceTitle "EXT 2015"]
[Source "ChessBase"]
[SourceDate "2014.11.20"]
[SourceVersion "1"]
[SourceVersionDate "2014.11.20"]
[SourceQuality "1"]
[WhiteTeam "Kolbudy UKS Zawisza"]
[BlackTeam "Pszczyna PSSz"]
[WhiteTeamCountry "POL"]
[BlackTeamCountry "POL"]

1. e4 e6 2. d4 d5 3. Nc3 Bb4 4. e5 Qd7 5. Qg4 f5 6. Qg3 b6 7. Bd2 Ba6 8. Bxa6 Nxa6 9. Nf3 0-0-0 10. 0-0-0 Nb8 11. Ne2 Bxd2+ 12. Rxd2 Nc6 13. Nf4 Re8 14. h4 Nh6 15. Kb1 Na5 16. b3 Re7 17. Rc1 Rd8 18. Ng5 g6 19. h5 gxh5 20. Nxh5 Qb5 21. Qd3 Qxd3 22. cxd3 Rg8 23. f4 Ng4 24. Nf6 Rgg7 25. b4 h6 26. Nh5 Rg6 27. Nxe6 Rexe6 28. bxa5 bxa5 29. Rc5 Rb6+ 30. Kc1 Rb4 31. Rdc2 Rxd4 32. Rxc7+ Kb8 33. Rc8+ Kb7 34. R2c7+ Kb6 35. Kd2 Rb4 36. g3 d4 37. Rd7 Rc6 38. Rxc6+ Kxc6 39. Rxa7 Rb2+ 40. Kc1 Rxa2 41. Ng7 Kb6 42. Rd7 a4 43. Rxd4 a3 44. Nxf5 Rg2 45. Kb1 Nf2 46. Ka2 Nxd3+ 47. Kxa3 Nc5 48. Rd6+ Kb5 49. Rxh6 Rg1 50. e6 Kc4 51. Ne3+ Kc3 52. Nd5+ Kc4 53. Nb6+ Kc3 54. Na4+ Kc4 55. Nxc5 Rxg3+ 56. Kb2 Kxc5 57. f5 Kd6 58. Rh7 Rg8 59. Rf7 Re8 60. Kc3 Ke5 61. e7 Kd6 62. f6 Rc8+ 63. Kd4 Kd7 64. Rf8 1-0

[Event "POL-chT 2nd League"]
[Site "Lazy"]
[Date "2012.09.09"]
[Round "9"]
[White "Zielinski, Stanislaw"]
[Black "Walkusz, Witoslaw"]
[Result "1-0"]
[WhiteElo "2133"]
[BlackElo "2126"]
[PlyCount "85"]
[EventDate "2012.09.01"]
[EventType "team-swiss"]
[EventRounds "9"]
[EventCountry "POL"]
[SourceTitle "EXT 2019"]
[Source "ChessBase"]
[SourceDate "2018.10.10"]
[SourceVersion "1"]
[SourceVersionDate "2018.10.10"]
[SourceQuality "1"]
[WhiteTeam "Kolbudy UKS Zawisza"]
[BlackTeam "Gdynia Korsarz"]
[WhiteTeamCountry "POL"]
[BlackTeamCountry "POL"]

1. Nf3 d5 2. g3 g6 3. Bg2 Bg7 4. 0-0 e5 5. d3 Ne7 6. c4 c6 7. cxd5 cxd5 8. e4 Nbc6 9. Nc3 0-0 10. a3 Bg4 11. h3 dxe4 12. dxe4 Qxd1 13. Rxd1 Bxf3 14. Bxf3 Nd4 15. Bg2 Nb3 16. Rb1 Nxc1 17. Rbxc1 Bh6 18. Rc2 Nc6 19. Nd5 Kg7 20. h4 f5 21. Nc7 Nd4 22. Rxd4 exd4 23. Nxa8 Rxa8 24. Rc7+ Kf6 25. Rd7 Bc1 26. Rxd4 Bxb2 27. Rb4 Bxa3 28. Rxb7 Bc5 29. Rc7 Bb6 30. Rc6+ Ke5 31. exf5 Rf8 32. Re6+ Kd4 33. fxg6 hxg6 34. f4 Rg8 35. Kh2 Kc4 36. Be4 g5 37. hxg5 a5 38. Bc6 Kc3 39. Kh3 Rd8 40. f5 Rd3 41. f6 Bf2 42. f7 Rxg3+ 43. Kh2 1-0

[Event "POL-chT 2nd League"]
[Site "Lazy"]
[Date "2012.09.08"]
[Round "8"]
[White "Paterek, Michal"]
[Black "Zielinski, Stanislaw"]
[Result "1-0"]
[WhiteElo "2304"]
[BlackElo "2133"]
[PlyCount "89"]
[EventDate "2012.09.01"]
[EventType "team-swiss"]
[EventRounds "9"]
[EventCountry "POL"]
[SourceTitle "EXT 2019"]
[Source "ChessBase"]
[SourceDate "2018.10.10"]
[SourceVersion "1"]
[SourceVersionDate "2018.10.10"]
[SourceQuality "1"]
[WhiteTeam "Gostynin Gostmat 83"]
[BlackTeam "Kolbudy UKS Zawisza"]
[WhiteTeamCountry "POL"]
[BlackTeamCountry "POL"]

1. d4 Nf6 2. g3 g6 3. Bg2 Bg7 4. e4 d6 5. Ne2 0-0 6. h3 c5 7. c3 cxd4 8. cxd4 e5 9. Nbc3 Nc6 10. d5 Nb8 11. 0-0 Nbd7 12. Be3 a5 13. a3 b6 14. f4 Ba6 15. f5 h6 16. b4 Bc4 17. g4 Ne8 18. Qd2 g5 19. h4 f6 20. Rfb1 axb4 21. Rxb4 Bxe2 22. Qxe2 Nc7 23. Bf1 Na6 24. Rb2 gxh4 25. Qf2 Nac5 26. Bb5 Kf7 27. Qxh4 Ke7 28. a4 Qe8 29. Bc6 Ra5 30. Rxb6 Nxb6 31. Bxe8 Rxe8 32. Qh5 Rf8 33. Qg6 Rf7 34. Nb5 Nc4 35. Bxc5 dxc5 36. Kf2 Kf8 37. Qh5 Rb7 38. Qh1 h5 39. Qc1 Nb6 40. Qxc5+ Kg8 41. Qc6 Rb8 42. Qc7 Raa8 43. Nd6 Nxa4 44. Qf7+ Kh7 45. Qxh5+ 1-0

[Event "POL-chT 2nd League"]
[Site "Lazy"]
[Date "2012.09.03"]
[Round "3"]
[White "Zielinski, Stanislaw"]
[Black "Markiewicz, Jerzy"]
[Result "1-0"]
[WhiteElo "2133"]
[BlackElo "2261"]
[PlyCount "81"]
[EventDate "2012.09.01"]
[EventType "team-swiss"]
[EventRounds "9"]
[EventCountry "POL"]
[SourceTitle "EXT 2019"]
[Source "ChessBase"]
[SourceDate "2018.10.10"]
[SourceVersion "1"]
[SourceVersionDate "2018.10.10"]
[SourceQuality "1"]
[WhiteTeam "Kolbudy UKS Zawisza"]
[BlackTeam "Pilzno GKSz Hetman"]
[WhiteTeamCountry "POL"]
[BlackTeamCountry "POL"]

1. e4 c5 2. Nc3 Nc6 3. f4 g6 4. Nf3 Bg7 5. Bc4 e6 6. f5 Nge7 7. fxe6 dxe6 8. d3 0-0 9. 0-0 Na5 10. Bb3 Nec6 11. Bd2 Nxb3 12. axb3 b6 13. Qe1 Bb7 14. Qg3 Qd7 15. Qh3 f5 16. Bg5 Nd4 17. Rf2 fxe4 18. dxe4 Nxf3+ 19. Rxf3 Bd4+ 20. Kh1 Bxc3 21. Rxc3 Bxe4 22. Qg3 Rf5 23. Bh6 Qf7 24. Kg1 Qf6 25. h4 e5 26. b4 Rf4 27. Bg5 Qf5 28. Bxf4 exf4 29. Qf2 cxb4 30. Rc4 f3 31. Re1 Bd5 32. Rd4 Rc8 33. g4 Qf7 34. Red1 Rc5 35. Qd2 f2+ 36. Qxf2 Qxf2+ 37. Kxf2 Rxc2+ 38. Kg3 Rg2+ 39. Kh3 Bf3 40. R1d3 Bc6 41. Rc4 1-0

[Event "POL-chT 2nd League"]
[Site "Lazy"]
[Date "2012.09.01"]
[Round "1"]
[White "Kornasiewicz, Stanislaw"]
[Black "Zielinski, Stanislaw"]
[Result "1/2-1/2"]
[WhiteElo "2214"]
[BlackElo "2133"]
[PlyCount "120"]
[EventDate "2012.09.01"]
[EventType "team-swiss"]
[EventRounds "9"]
[EventCountry "POL"]
[SourceTitle "EXT 2019"]
[Source "ChessBase"]
[SourceDate "2018.10.10"]
[SourceVersion "1"]
[SourceVersionDate "2018.10.10"]
[SourceQuality "1"]
[WhiteTeam "Czerwionka Gornik 23"]
[BlackTeam "Kolbudy UKS Zawisza"]
[WhiteTeamCountry "POL"]
[BlackTeamCountry "POL"]

1. e4 e5 2. Nf3 Nc6 3. Bb5 a6 4. Ba4 Nf6 5. d3 b5 6. Bb3 Be7 7. c3 0-0 8. 0-0 d6 9. h3 Bb7 10. Re1 Re8 11. Nbd2 h6 12. Nf1 Bf8 13. Ng3 Na5 14. Bc2 c5 15. Nf5 d5 16. Ng3 dxe4 17. dxe4 Qc7 18. Qe2 Nc4 19. a4 Nb6 20. axb5 axb5 21. Rxa8 Rxa8 22. Nh4 Ra1 23. Be3 Rxe1+ 24. Qxe1 Nc4 25. Bc1 Qa5 26. Bd3 Nd6 27. Nhf5 Nxf5 28. Nxf5 c4 29. Bc2 Qa1 30. f3 g6 31. Ne3 Nh5 32. Kh2 Nf4 33. Qd2 Ne2 34. Qxe2 Qxc1 35. Bd1 Bc5 36. Nf1 Ba6 37. Qc2 Qf4+ 38. g3 Qg5 39. Be2 h5 40. h4 Qd8 41. Bd1 Qd7 42. Qd2 Qxd2+ 43. Nxd2 Be3 44. Nb1 Bc1 45. b3 cxb3 46. Bxb3 Bb7 47. Kg2 Kg7 48. Kf2 f5 49. Bc2 Kf6 50. Ke2 Bc6 51. Nd2 Ba3 52. Nf1 Bd6 53. Bd3 Be7 54. Ne3 f4 55. gxf4 exf4 56. Nd5+ Bxd5 57. exd5 b4 58. cxb4 Bxb4 59. Kf2 g5 60. hxg5+ Kxg5 1/2-1/2

[Event "Gdansk op 14th"]
[Site "Gdansk"]
[Date "2012.07.22"]
[Round "1"]
[White "Zielinski, Stanislaw"]
[Black "Zwara, Szymon"]
[Result "1-0"]
[WhiteElo "2139"]
[BlackElo "1737"]
[PlyCount "85"]
[EventDate "2012.07.22"]
[EventType "swiss"]
[EventRounds "9"]
[EventCountry "POL"]
[SourceTitle "CBM 149 Extra"]
[Source "ChessBase"]
[SourceDate "2012.08.24"]
[SourceVersion "1"]
[SourceVersionDate "2012.08.24"]
[SourceQuality "1"]

1. e4 e5 2. Nf3 Nc6 3. Bc4 Nf6 4. d4 exd4 5. e5 d5 6. Bb5 Ne4 7. Nxd4 Bd7 8. Bxc6 bxc6 9. 0-0 Bc5 10. Be3 Bb6 11. f3 Ng5 12. f4 Ne4 13. Nd2 Nxd2 14. Qxd2 c5 15. Nb3 d4 16. Bf2 Bb5 17. Rfd1 Qd5 18. Kh1 0-0-0 19. Bh4 Bc6 20. Bxd8 Rxd8 21. Qe2 c4 22. Nd2 d3 23. cxd3 cxd3 24. Qg4+ Kb7 25. Nf3 g6 26. b4 Ba4 27. Qg5 Bxd1 28. Rxd1 Be3 29. Qf6 Rd7 30. e6 fxe6 31. Qe5 Qxe5 32. Nxe5 Rd4 33. Nxd3 Kb6 34. g3 Kb5 35. Kg2 Kc4 36. Ne5+ Kxb4 37. Nc6+ Kc5 38. Nxd4 Bxd4 39. Kf3 Kd5 40. Rb1 c5 41. Rb7 c4 42. Rd7+ Kc6 43. Rxd4 1-0

[Event "Ostroda op 8th"]
[Site "Ostroda"]
[Date "2011.08.09"]
[Round "7"]
[White "Zielinski, Stanislaw"]
[Black "Bukowska, Katarzyna"]
[Result "1-0"]
[WhiteElo "2155"]
[BlackElo "2005"]
[PlyCount "61"]
[EventDate "2011.08.04"]
[EventType "swiss"]
[EventRounds "9"]
[EventCountry "POL"]
[SourceTitle "CBM 143 Extra"]
[Source "ChessBase"]
[SourceDate "2011.08.29"]
[SourceVersion "1"]
[SourceVersionDate "2011.08.29"]
[SourceQuality "1"]

1. e4 e5 2. Nf3 Nc6 3. d4 exd4 4. Nxd4 Nf6 5. Nc3 Bb4 6. Nxc6 bxc6 7. Bd3 d5 8. exd5 cxd5 9. 0-0 0-0 10. Bg5 c6 11. Qf3 Be7 12. h3 Be6 13. Ne2 h6 14. Bf4 c5 15. c3 Bd6 16. Rfe1 Rb8 17. b3 Re8 18. Rad1 a5 19. Ng3 Bxf4 20. Qxf4 Qd7 21. Re2 Qc6 22. Rde1 Red8 23. Bf5 Bxf5 24. Nxf5 Kh7 25. Re7 Rb7 26. Rxb7 Qxb7 27. Nxh6 d4 28. Nf5 dxc3 29. Qg5 Rg8 30. Qh4+ Kg6 31. Ne7+ 1-0

[Event "Ostroda op 8th"]
[Site "Ostroda"]
[Date "2011.08.04"]
[Round "1"]
[White "Zielinski, Stanislaw"]
[Black "Grota, Mateusz"]
[Result "1-0"]
[WhiteElo "2155"]
[BlackElo "1795"]
[PlyCount "65"]
[EventDate "2011.08.04"]
[EventType "swiss"]
[EventRounds "9"]
[EventCountry "POL"]
[SourceTitle "CBM 143 Extra"]
[Source "ChessBase"]
[SourceDate "2011.08.29"]
[SourceVersion "1"]
[SourceVersionDate "2011.08.29"]
[SourceQuality "1"]

1. e4 e5 2. Nf3 Nc6 3. Bc4 Nf6 4. d4 exd4 5. e5 d5 6. Bb5 Ne4 7. Nxd4 Bd7 8. Bxc6 bxc6 9. 0-0 Be7 10. Be3 0-0 11. Nd2 Nc5 12. f4 f6 13. Qe2 Qc8 14. h3 fxe5 15. fxe5 Ne6 16. Nf5 Rxf5 17. Rxf5 Nd4 18. Bxd4 Bxf5 19. Nb3 a5 20. a4 Qe8 21. Kh2 Rb8 22. Bc3 Qg6 23. Nd4 Be4 24. Qg4 Bg5 25. Rf1 h5 26. Qg3 Qh6 27. h4 Be3 28. Rf6 Qh7 29. Rxc6 Bc1 30. Rxc7 Qh6 31. Ne6 g5 32. Nxg5 Qg6 33. Nxe4 1-0

[Event "Gdansk op 13th"]
[Site "Gdansk"]
[Date "2011.07.24"]
[Round "9"]
[White "Kempinski, Tomasz"]
[Black "Zielinski, Stanislaw"]
[Result "1-0"]
[WhiteElo "2227"]
[BlackElo "2155"]
[PlyCount "81"]
[EventDate "2011.07.17"]
[EventType "swiss"]
[EventRounds "9"]
[EventCountry "POL"]
[SourceTitle "CBM 143 Extra"]
[Source "ChessBase"]
[SourceDate "2011.08.29"]
[SourceVersion "1"]
[SourceVersionDate "2011.08.29"]
[SourceQuality "1"]

1. c4 g6 2. d4 Bg7 3. Nc3 Nf6 4. e4 d6 5. h3 0-0 6. Nf3 e5 7. d5 a5 8. Be3 Na6 9. Nd2 Nc5 10. g4 c6 11. g5 Nh5 12. Nb3 cxd5 13. Qxd5 Ne6 14. Nb5 a4 15. Nd2 Ra6 16. Nf3 Nhf4 17. Qd2 Nxg5 18. Nxg5 Qxg5 19. 0-0-0 Rd8 20. Nc7 Rc6 21. Nd5 Be6 22. h4 Qg4 23. Ne7+ Kh8 24. Nxc6 bxc6 25. Qa5 Bf6 26. Bb6 Rc8 27. Qc3 d5 28. f3 Qh5 29. Qe3 dxc4 30. Kb1 g5 31. Rc1 gxh4 32. Bxc4 Bxc4 33. Rxc4 h3 34. Rc2 Rg8 35. Rxc6 Bg5 36. Qc3 f6 37. Rc8 Qg6 38. Qc4 Rxc8 39. Qxc8+ Kg7 40. Qd7+ Kh6 41. Be3 1-0

[Event "Gdansk op 13th"]
[Site "Gdansk"]
[Date "2011.07.19"]
[Round "4"]
[White "Zielinski, Stanislaw"]
[Black "Parol, Pawel"]
[Result "1/2-1/2"]
[WhiteElo "2155"]
[BlackElo "1918"]
[PlyCount "70"]
[EventDate "2011.07.17"]
[EventType "swiss"]
[EventRounds "9"]
[EventCountry "POL"]
[SourceTitle "CBM 143 Extra"]
[Source "ChessBase"]
[SourceDate "2011.08.29"]
[SourceVersion "1"]
[SourceVersionDate "2011.08.29"]
[SourceQuality "1"]

1. e4 e6 2. d4 d5 3. Nc3 Nf6 4. e5 Nfd7 5. f4 c5 6. Nf3 Nc6 7. Be3 cxd4 8. Nxd4 Bc5 9. Qd2 0-0 10. Be2 a6 11. 0-0 Nxd4 12. Bxd4 Qb6 13. Bxc5 Qxc5+ 14. Kh1 b5 15. Bd3 Nb6 16. b3 Bb7 17. Rf3 f6 18. exf6 Rxf6 19. Re1 Raf8 20. Re5 Qb4 21. Ne4 Qxd2 22. Nxd2 Nd7 23. Re1 Rxf4 24. Rxe6 Rxf3 25. Nxf3 Nc5 26. Rd6 Ne4 27. Rd7 Nc5 28. Rc7 Rc8 29. Rxc8+ Bxc8 30. b4 Nxd3 31. cxd3 Kf7 32. Kg1 Kf6 33. Kf2 Bg4 34. Nd4 Ke5 35. Ke3 h6 1/2-1/2

[Event "Gdansk op 13th"]
[Site "Gdansk"]
[Date "2011.07.17"]
[Round "1"]
[White "Belczewski, Jacek"]
[Black "Zielinski, Stanislaw"]
[Result "0-1"]
[WhiteElo "1355"]
[BlackElo "2155"]
[PlyCount "80"]
[EventDate "2011.07.17"]
[EventType "swiss"]
[EventRounds "9"]
[EventCountry "POL"]
[SourceTitle "CBM 143 Extra"]
[Source "ChessBase"]
[SourceDate "2011.08.29"]
[SourceVersion "1"]
[SourceVersionDate "2011.08.29"]
[SourceQuality "1"]

1. c4 e5 2. Nc3 g6 3. g3 Bg7 4. Bg2 c6 5. Nf3 d6 6. d3 f5 7. 0-0 Nf6 8. Bg5 0-0 9. Qc2 Be6 10. b4 Nbd7 11. a4 h6 12. Bxf6 Qxf6 13. Rac1 a5 14. b5 Nc5 15. Nd2 Bd7 16. Nb3 Ne6 17. Qd2 Nd4 18. Nxd4 exd4 19. Na2 f4 20. Rb1 Qg5 21. Rb2 Be5 22. Qe1 h5 23. bxc6 Bxc6 24. Bxc6 bxc6 25. Kh1 Rf7 26. Rg1 Raf8 27. f3 fxg3 28. hxg3 Qe3 29. Qc1 g5 30. Kg2 g4 31. f4 Bxf4 32. Qxe3 Bxe3 33. Rgb1 Rf2+ 34. Kh1 Rf1+ 35. Rxf1 Rxf1+ 36. Kh2 Rf2+ 37. Kh1 h4 38. Rb8+ Kg7 39. gxh4 g3 40. Rb1 Rh2# 0-1

[Event "Olomouc op"]
[Site "Olomouc"]
[Date "2010.08.05"]
[Round "2"]
[White "Zilka, Stepan"]
[Black "Zielinski, Stanislaw"]
[Result "1-0"]
[WhiteElo "2493"]
[BlackElo "2138"]
[PlyCount "81"]
[EventDate "2010.08.04"]
[EventType "swiss"]
[EventRounds "9"]
[EventCountry "CZE"]
[SourceTitle "CBM 137 Extra"]
[Source "ChessBase"]
[SourceDate "2010.09.01"]
[SourceVersion "1"]
[SourceVersionDate "2010.09.01"]
[SourceQuality "1"]

1. d4 Nf6 2. c4 g6 3. Nc3 Bg7 4. e4 d6 5. Nf3 0-0 6. Be2 e5 7. 0-0 Nc6 8. d5 Ne7 9. Ne1 Nd7 10. Be3 f5 11. f3 f4 12. Bf2 g5 13. Nd3 h5 14. c5 Nf6 15. Rc1 g4 16. cxd6 cxd6 17. Nb5 g3 18. hxg3 fxg3 19. Bxg3 Qb6+ 20. Nf2 Bd7 21. a4 Bxb5 22. Bxb5 Ng6 23. Kh1 h4 24. Bh2 Nh5 25. Bd7 Bh6 26. Rc3 Qxb2 27. Rb3 Qa2 28. Ng4 Qd2 29. Qxd2 Bxd2 30. Bf5 Kg7 31. Rxb7+ Rf7 32. Rfb1 Ng3+ 33. Bxg3 hxg3 34. Rxf7+ Kxf7 35. Rb7+ Ne7 36. Be6+ Kg6 37. Kg1 Nc8 38. f4 Bxf4 39. Bf5+ Kg5 40. Rg7+ Kh4 41. Nf6 1-0

[Event "Gdansk op 12th "]
[Site "Gdansk"]
[Date "2010.07.23"]
[Round "8"]
[White "Zielinski, Stanislaw"]
[Black "Kumala, Aleksander"]
[Result "1-0"]
[WhiteElo "2138"]
[BlackElo "1857"]
[PlyCount "65"]
[EventDate "2010.07.17"]
[EventType "swiss"]
[EventRounds "9"]
[EventCountry "POL"]
[SourceTitle "EXT 2011"]
[Source "ChessBase"]
[SourceDate "2010.11.26"]
[SourceVersion "1"]
[SourceVersionDate "2010.11.26"]
[SourceQuality "1"]

1. e4 c6 2. d4 d5 3. f3 e6 4. Be3 dxe4 5. Nd2 exf3 6. Ngxf3 Nf6 7. Bd3 Nbd7 8. Nc4 Nd5 9. Bd2 c5 10. c3 cxd4 11. cxd4 Be7 12. 0-0 0-0 13. Kh1 b6 14. Qe1 Bb7 15. Qg3 Kh8 16. Qh3 g6 17. Bh6 f5 18. Rae1 Nc7 19. Nfe5 Nxe5 20. Nxe5 Rf6 21. Bg5 Qxd4 22. Bxf6+ Bxf6 23. Nxg6+ Kg7 24. Qg3 Nd5 25. Nf4+ Kh8 26. Nxe6 Qxb2 27. Re2 Qb4 28. Bxf5 Rg8 29. Qh3 Qe7 30. Nf4 Nxf4 31. Rxe7 Bxg2+ 32. Qxg2 Rxg2 33. Rxh7+ 1-0

[Event "Gdansk op 12th "]
[Site "Gdansk"]
[Date "2010.07.22"]
[Round "7"]
[White "Machlowski, Slawomir"]
[Black "Zielinski, Stanislaw"]
[Result "1/2-1/2"]
[WhiteElo "2184"]
[BlackElo "2138"]
[PlyCount "114"]
[EventDate "2010.07.17"]
[EventType "swiss"]
[EventRounds "9"]
[EventCountry "POL"]
[SourceTitle "EXT 2011"]
[Source "ChessBase"]
[SourceDate "2010.11.26"]
[SourceVersion "1"]
[SourceVersionDate "2010.11.26"]
[SourceQuality "1"]

1. Nf3 Nf6 2. c4 g6 3. d4 Bg7 4. g3 0-0 5. Bg2 d6 6. Nc3 Nc6 7. 0-0 h6 8. h3 e5 9. e4 Nd7 10. Be3 Kh7 11. g4 exd4 12. Nxd4 Nde5 13. b3 Nxd4 14. Bxd4 c5 15. Bxe5 Bxe5 16. Qd3 a6 17. Rad1 Qa5 18. Ne2 b5 19. f4 bxc4 20. bxc4 Bg7 21. e5 Rb8 22. Qxd6 Be6 23. Bd5 Rfd8 24. Qe7 Rd7 25. Qh4 Qxa2 26. Nc1 Qc2 27. Qf2 Qxf2+ 28. Rxf2 Rb1 29. Ra2 Bxd5 30. cxd5 g5 31. Re2 gxf4 32. Kf2 Re7 33. d6 Rxe5 34. d7 Rxe2+ 35. Kf3 Bf6 36. Kxe2 Bd8 37. Kd2 Kg7 38. Kc2 Rb4 39. Nb3 f3 40. Rd5 f2 41. Rf5 Rb7 42. Kc3 Rxd7 43. Rxf2 Bf6+ 44. Kc4 Bd4 45. Rf5 Re7 46. Nxd4 cxd4 47. Kxd4 Rb7 48. Ra5 Rb6 49. Ke4 Kf6 50. h4 Ke7 51. Kf4 Rg6 52. Rc5 Rb6 53. Rc7+ Kf6 54. Ra7 Rb4+ 55. Kf3 Ra4 56. Kg3 Ra1 57. Kf4 a5 1/2-1/2

[Event "Gdansk op 12th "]
[Site "Gdansk"]
[Date "2010.07.19"]
[Round "4"]
[White "Zielinski, Stanislaw"]
[Black "Sopur, Lech"]
[Result "0-1"]
[WhiteElo "2138"]
[BlackElo "2419"]
[PlyCount "74"]
[EventDate "2010.07.17"]
[EventType "swiss"]
[EventRounds "9"]
[EventCountry "POL"]
[SourceTitle "EXT 2011"]
[Source "ChessBase"]
[SourceDate "2010.11.26"]
[SourceVersion "1"]
[SourceVersionDate "2010.11.26"]
[SourceQuality "1"]

1. e4 g6 2. d4 Bg7 3. c3 d6 4. f4 Nd7 5. Nf3 c5 6. Bc4 Nh6 7. 0-0 0-0 8. a4 e6 9. h3 cxd4 10. cxd4 d5 11. exd5 Nb6 12. Ba2 Nxd5 13. Nc3 Nb4 14. Bb1 Nf5 15. Kh2 b6 16. Qb3 a5 17. Be4 Ba6 18. Nb5 Rc8 19. Bd2 Bxb5 20. axb5 Nxd4 21. Nxd4 Qxd4 22. Bxb4 axb4 23. Bb7 Rb8 24. Bc6 Qxb2 25. Qxb2 Bxb2 26. Rad1 Rfd8 27. Kg3 h5 28. Kf3 h4 29. Rb1 Rd2 30. Kg4 Rbd8 31. Kxh4 R8d3 32. Rf3 Ra3 33. g4 Kg7 34. Rbf1 Bf6+ 35. Kg3 g5 36. fxg5 Be5+ 37. Kh4 Rxf3 0-1

[Event "Gdansk op 12th "]
[Site "Gdansk"]
[Date "2010.07.18"]
[Round "3"]
[White "Lukaszuk, Aron"]
[Black "Zielinski, Stanislaw"]
[Result "0-1"]
[WhiteElo "1848"]
[BlackElo "2138"]
[PlyCount "68"]
[EventDate "2010.07.17"]
[EventType "swiss"]
[EventRounds "9"]
[EventCountry "POL"]
[SourceTitle "EXT 2011"]
[Source "ChessBase"]
[SourceDate "2010.11.26"]
[SourceVersion "1"]
[SourceVersionDate "2010.11.26"]
[SourceQuality "1"]

1. e4 e5 2. Nf3 Nc6 3. Bc4 Bc5 4. b4 Bxb4 5. c3 Be7 6. d4 d6 7. 0-0 Nf6 8. Ng5 0-0 9. f4 Na5 10. Bd3 Bg4 11. Qa4 Nc6 12. d5 Nb8 13. f5 Nh5 14. Nf3 Bxf3 15. Rxf3 Nd7 16. Rh3 Nf4 17. Bxf4 exf4 18. Qd1 Bf6 19. Qh5 h6 20. Bc2 c6 21. Nd2 Bxc3 22. Rxc3 Qb6+ 23. Kf1 Qb2 24. Rb1 Qxc3 25. Rxb7 Nc5 26. dxc6 Qxd2 27. f6 Qxc2 28. fxg7 Nxb7 29. gxf8Q+ Rxf8 30. Qxh6 Qxe4 31. cxb7 Rb8 32. Qg5+ Kf8 33. Qh6+ Ke7 34. Qg5+ Kd7 0-1

[Event "Kolobrzeg op 11th"]
[Site "Kolobrzeg"]
[Date "2010.??.??"]
[Round "1"]
[White "Jewulski, Krzysztof"]
[Black "Zielinski, Stanislaw"]
[Result "0-1"]
[WhiteElo "2002"]
[BlackElo "2138"]
[PlyCount "72"]
[EventDate "2010.08.16"]
[EventType "swiss"]
[EventRounds "9"]
[EventCountry "POL"]
[SourceTitle "CBM 138 Extra"]
[Source "ChessBase"]
[SourceDate "2010.10.29"]
[SourceVersion "1"]
[SourceVersionDate "2010.10.29"]
[SourceQuality "1"]

1. d4 Nf6 2. c4 g6 3. Nc3 Bg7 4. e4 d6 5. f4 0-0 6. Nf3 c5 7. Be2 Bg4 8. 0-0 Nc6 9. Be3 cxd4 10. Nxd4 Bxe2 11. Qxe2 Nxe4 12. Nxe4 Nxd4 13. Qf2 Nf5 14. Rad1 Nxe3 15. Qxe3 Qb6 16. c5 dxc5 17. Qxc5 Qxb2 18. Rd2 Qb6 19. Qxb6 axb6 20. Rc1 Ra4 21. Nc3 Rxf4 22. Ne2 Re4 23. Rc7 Bh6 24. Rdc2 Be3+ 25. Kf1 Rd8 26. Rc8 Rxc8 27. Rxc8+ Kg7 28. Nc3 Rf4+ 29. Ke2 Bc5 30. Nd1 Ra4 31. Nc3 Ra3 32. Kd3 Bb4 33. Rc4 Rxc3+ 34. Rxc3 Bxc3 35. Kxc3 e5 36. Kc4 e4 0-1

[Event "Kolobrzeg op 11th"]
[Site "Kolobrzeg"]
[Date "2010.??.??"]
[Round "6"]
[White "Zielinski, Stanislaw"]
[Black "Krainski, Slawomir"]
[Result "1-0"]
[WhiteElo "2138"]
[BlackElo "2120"]
[PlyCount "51"]
[EventDate "2010.08.16"]
[EventType "swiss"]
[EventRounds "9"]
[EventCountry "POL"]
[SourceTitle "CBM 138 Extra"]
[Source "ChessBase"]
[SourceDate "2010.10.29"]
[SourceVersion "1"]
[SourceVersionDate "2010.10.29"]
[SourceQuality "1"]

1. e4 c5 2. Nc3 Nc6 3. f4 g6 4. Nf3 Bg7 5. Bc4 e6 6. f5 Nge7 7. fxe6 dxe6 8. d3 0-0 9. 0-0 Na5 10. Qe1 Nec6 11. Ne2 Nxc4 12. dxc4 Ne5 13. Nxe5 Bxe5 14. Bh6 Re8 15. Rd1 Qe7 16. Nf4 b6 17. Nd3 Bd4+ 18. Kh1 Bg7 19. Bxg7 Kxg7 20. Qc3+ Kg8 21. Ne5 Rf8 22. Ng4 e5 23. Nf6+ Kg7 24. Rd5 Be6 25. Rxe5 Rfd8 26. Nd5 1-0

[Event "Kolobrzeg op 11th"]
[Site "Kolobrzeg"]
[Date "2010.??.??"]
[Round "4"]
[White "Zielinski, Stanislaw"]
[Black "Pilat, Wieslaw"]
[Result "1-0"]
[WhiteElo "2138"]
[BlackElo "2004"]
[PlyCount "45"]
[EventDate "2010.08.16"]
[EventType "swiss"]
[EventRounds "9"]
[EventCountry "POL"]
[SourceTitle "CBM 138 Extra"]
[Source "ChessBase"]
[SourceDate "2010.10.29"]
[SourceVersion "1"]
[SourceVersionDate "2010.10.29"]
[SourceQuality "1"]

1. Nf3 e6 2. d4 d5 3. Bf4 Bd6 4. Bg3 Ne7 5. e3 Nf5 6. Bd3 Nc6 7. c3 Qe7 8. Qb3 Bd7 9. Nbd2 0-0-0 10. 0-0-0 Nxg3 11. hxg3 h6 12. e4 dxe4 13. Nxe4 e5 14. Nxd6+ cxd6 15. d5 Na5 16. Qa3 b6 17. b4 Nb7 18. Qxa7 Kc7 19. Ba6 Rb8 20. a4 Qd8 21. Rh4 Bxa4 22. Bxb7 Ra8 23. Bxa8+ 1-0

[Event "Kolobrzeg op 11th"]
[Site "Kolobrzeg"]
[Date "2010.??.??"]
[Round "8"]
[White "Zielinski, Stanislaw"]
[Black "Zielinski, Maciej"]
[Result "0-1"]
[WhiteElo "2138"]
[BlackElo "1973"]
[PlyCount "57"]
[EventDate "2010.08.16"]
[EventType "swiss"]
[EventRounds "9"]
[EventCountry "POL"]
[SourceTitle "CBM 138 Extra"]
[Source "ChessBase"]
[SourceDate "2010.10.29"]
[SourceVersion "1"]
[SourceVersionDate "2010.10.29"]
[SourceQuality "1"]

1. e4 e5 2. Nf3 Nc6 3. Bc4 Bc5 4. c3 Nf6 5. d3 d6 6. Nbd2 0-0 7. Bb3 a6 8. 0-0 Ba7 9. Re1 Ng4 10. Re2 Kh8 11. h3 Nh6 12. Nf1 f5 13. Bxh6 gxh6 14. d4 fxe4 15. Rxe4 Bf5 16. Re1 exd4 17. cxd4 Qf6 18. Ne3 Bxh3 19. Bd5 Nxd4 20. Nxd4 Bxd4 21. Bf3 Rg8 22. Kf1 Be6 23. Rc1 c5 24. Nc2 Bc4+ 25. Kg1 Bxb2 26. Rb1 Bxa2 27. Rxb2 Qxb2 28. Ne3 Qd4 29. Qe2 0-1